Normal view
MARC view
Entry Personal Name
001 - CONTROL NUMBER
- control field: 162444
003 - CONTROL NUMBER IDENTIFIER
- control field: OSt
005 - DATE AND TIME OF LATEST TRANSACTION
- control field: 20220923212418.0
008 - FIXED-LENGTH DATA ELEMENTS
- fixed length control field: 220923|| aca||aabn | a|a d
040 ## - CATALOGING SOURCE
- Original cataloging agency: OSt
- Transcribing agency: OSt
100 ## - HEADING--PERSONAL NAME
- Personal name: यजुर्वेदी, सुलोचना; बृहस्पति, आचार्य
670 ## - SOURCE DATA FOUND
- Source citation: Work cat.: (OSt)308370: यजुर्वेदी, सुलोचना; बृहस्पति, आचार्य, खुसरो तानसेन तथा अन्य कलाकार, 1976
